000 00271nam a22001217a 4500
008 181010b xxu||||| |||| 00| 0 eng d
041 _aeng
080 _a610
100 _a4
101 _aSHM
245 _aTaber's Cyclopedic Medical Dictionary
_cTaber
942 _2udc
_cBK
999 _c49318
_d49318